Essentials of health economics / (Record no. 100342)
[ view plain ]
| 000 -LEADER | |
|---|---|
| fixed length control field | 02327cam a2200349 i 4500 |
| 003 - CONTROL NUMBER IDENTIFIER | |
| control field | URS |
| 005 - DATE AND TIME OF LATEST TRANSACTION | |
| control field | 20260423155344.0 |
| 008 - FIXED-LENGTH DATA ELEMENTS--GENERAL INFORMATION | |
| fixed length control field | 260423b |||||||| |||| 00| 0 eng d |
| 020 ## - INTERNATIONAL STANDARD BOOK NUMBER | |
| International Standard Book Number | 9781284017861 |
| 040 ## - CATALOGING SOURCE | |
| Language of cataloging | English |
| Description conventions | rda |
| Transcribing agency | URS |
| 050 00 - LIBRARY OF CONGRESS CALL NUMBER | |
| Classification number | RA410.53 |
| Item number | .D512 2026 |
| 082 00 - DEWEY DECIMAL CLASSIFICATION NUMBER | |
| Classification number | 338.4/73621 |
| 084 ## - OTHER CLASSIFICATION NUMBER | |
| Classification number | EDU000000 |
| Source of number | bisacsh |
| 100 1# - MAIN ENTRY--PERSONAL NAME | |
| Personal name | Dewar, Diane M., |
| Relator term | author. |
| 245 10 - TITLE STATEMENT | |
| Title | Essentials of health economics / |
| Statement of responsibility, etc | Diane M. Dewar. |
| 250 ## - EDITION STATEMENT | |
| Edition statement | Third edition. |
| 264 #1 - PUBLICATION, DISTRIBUTION, ETC. (IMPRINT) | |
| Place of publication, distribution, etc | Burlington, MA : |
| Name of publisher, distributor, etc | Jones & Bartlett Learning, |
| Date of publication, distribution, etc | ©2026. |
| 300 ## - PHYSICAL DESCRIPTION | |
| Extent | xix, 203 pages : |
| Other physical details | color illustrations ; |
| Dimensions | 28 cm. |
| 336 ## - CONTENT TYPE | |
| Content type term | text |
| Content type code | txt |
| Source | rdacontent |
| 337 ## - MEDIA TYPE | |
| Media type term | unmediated |
| Media type code | n |
| Source | rdamedia |
| 338 ## - CARRIER TYPE | |
| Carrier type term | volume |
| Carrier type code | nc |
| Source | rdacarrier |
| 504 ## - BIBLIOGRAPHY, ETC. NOTE | |
| Bibliography, etc | Includes bibliographical references and index. |
| 505 0# - FORMATTED CONTENTS NOTE | |
| Formatted contents note | Overview of the U.S. Healthcare System -- The Role of Economics -- The Competitive Market -- Noncompetitive Market Models and Market Failures -- The Role of Government -- The Demand for Health -- The Demand for Health Care -- The Market for Health Insurance -- Health Disparities -- Health Care Supply -- Health care Production and Costs -- The Healthcare Workforce Market -- Technology Transfer in Health Care -- Economic Evaluation Methods -- COVID -19 : An Evaluation of Emergency Preparedness -- Comparing Healthcare Systems -- International Health System Issues and Reforms -- U.S. National and State Healthcare Reforms -- Public Policy and Health Economics. |
| 520 ## - SUMMARY, ETC. | |
| Summary, etc | "Essentials of Health Economics studies the public health care system through the lens of economics. Provides a basic understanding of economic theory as it relates to the public health system and the delivery of health care in the U.S. Including numerous examples and profiles related to the field, it relays the importance and relevance of health economics as well as how it relates to more general analysis of health policy issues. Written with the non-specialist in mind, focusing on how to do descriptive, explanatory and evaluative economics in a systematic way"-- |
| Assigning source | Provided by publisher. |
| 650 12 - SUBJECT ADDED ENTRY--TOPICAL TERM | |
| Topical term or geographic name as entry element | Economics, Medical |
| 650 22 - SUBJECT ADDED ENTRY--TOPICAL TERM | |
| Topical term or geographic name as entry element | Health Care Sector |
| 650 22 - SUBJECT ADDED ENTRY--TOPICAL TERM | |
| Topical term or geographic name as entry element | Insurance, Health |
| General subdivision | economics |
| 650 22 - SUBJECT ADDED ENTRY--TOPICAL TERM | |
| Topical term or geographic name as entry element | Delivery of Health Care |
| General subdivision | economics |
| 650 #7 - SUBJECT ADDED ENTRY--TOPICAL TERM | |
| Topical term or geographic name as entry element | EDUCATION / General |
| Source of heading or term | bisacsh |
| 651 #2 - SUBJECT ADDED ENTRY--GEOGRAPHIC NAME | |
| Geographic name | United States |
| 942 ## - ADDED ENTRY ELEMENTS (KOHA) | |
| Source of classification or shelving scheme | Library of Congress Classification |
| Koha item type | Reserved Books |
| Withdrawn status | Lost status | Source of classification or shelving scheme | Damaged status | Not for loan | Collection code | Home library | Current library | Shelving location | Date acquired | Source of acquisition | Cost, normal purchase price | Total Checkouts | Full call number | Barcode | Date last seen | Copy number | Cost, replacement price | Price effective from | Koha item type |
|---|---|---|---|---|---|---|---|---|---|---|---|---|---|---|---|---|---|---|---|
| Library of Congress Classification | Non-fiction | Taytay College Library | Taytay College Library | Reserve Section | 04/23/2026 | Purchased | 11352.00 | RA410.53 .D512 2026 | URSTAY-6162 | 04/23/2026 | 1 | 11352.00 | 04/23/2026 | Reserved Books |